STRATEGIC AND TACTICAL APPROACH TO GLOBA (Record no. 23607)

MARC details
000 -LEADER
fixed length control field 00368nam a2200133Ia 4500
008 - FIXED-LENGTH DATA ELEMENTS--GENERAL INFORMATION
fixed length control field 240624s9999 xx 000 0 und d
041 ## - LANGUAGE CODE
Language code of text/sound track or separate title eng
082 ## - DEWEY DECIMAL CLASSIFICATION NUMBER
Classification number 658.4012 BEE
100 ## - MAIN ENTRY--PERSONAL NAME
Personal name BEER LAWRENCE A
245 ## - TITLE STATEMENT
Title STRATEGIC AND TACTICAL APPROACH TO GLOBA
260 ## - PUBLICATION, DISTRIBUTION, ETC.
Date of publication, distribution, etc. 2010
Place of publication, distribution, etc. Exch.New York
Name of publisher, distributor, etc. Business Expert Press
300 ## - PHYSICAL DESCRIPTION
Extent xx, : 242 : p. : cm. ; 25
365 ## - TRADE PRICE
Currency code
Price amount 25
Holdings
Withdrawn status Lost status Damaged status Not for loan Home library Current library Shelving location Date acquired Source of acquisition Cost, normal purchase price Full call number Barcode Date last seen Copy number Price effective from Koha item type
        IMTN IMTN Rack 28-A 10/27/2014 BB 43.95 658.4012 BEE 23607 06/24/2024 64.2 06/24/2024 Books
Designed & Maintained by: LRC IMT Nagpur Contact: lrc@imtnag.ac.in© 2024. All Rights Reserved.